| 000 | 00445nam a2200181Ia 4500 | ||
|---|---|---|---|
| 003 | LK-CoDNM | ||
| 008 | 010623t1979 xxu||||| |||| 00| 1 sin d | ||
| 040 |
_aLK-CoDNM _dLK-CoDNM _eLK-CoDNM |
||
| 041 | _asin | ||
| 080 | _a(x)78 ABE | ||
| 100 | _aAbesinghe, W.A. | ||
| 245 | _aතිසර ලතා | ||
| 246 | _aThisara latha | ||
| 260 |
_bSamanala prakashakayo _aKelaniya _c1979 |
||
| 300 | _b54, 19 cm | ||
| 650 | _aMusic | ||
| 942 | _cBK | ||
| 999 |
_c110973 _d110973 |
||